Normal view
MARC view
- دعنا، زينات بوسف مترجمة/طبال، سهى مراجع/Raver,Sharon A مؤلف
Entry Personal Name
001 - CONTROL NUMBER
- control field: 42937
003 - CONTROL NUMBER IDENTIFIER
- control field: JO-AjAnu
005 - DATE AND TIME OF LATEST TRANSACTION
- control field: 20230606081124.0
008 - FIXED-LENGTH DATA ELEMENTS
- fixed length control field: 230606|| aca||aabn | a|a d
040 ## - CATALOGING SOURCE
- Original cataloging agency: JO-AjAnu
- Transcribing agency: JO-AjAnu
100 ## - HEADING--PERSONAL NAME
- Personal name: دعنا، زينات بوسف مترجمة/طبال، سهى مراجع/Raver,Sharon A مؤلف
670 ## - SOURCE DATA FOUND
- Source citation: Work cat.: (JO-AjAnu)21990: دعنا، زينات بوسف مترجمة/طبال، سهى مراجع/Raver,Sharon A مؤلف, author, التربية الخاصة في مرحلة الطفولة المبكرة من الولادة وحتى ثمانية سنوات إستراتيجيات لنتاجات إيجابية